[Event "Women's Speed Chess Q2"]
[Site "chess.com INT"]
[Date "2021.05.29"]
[Round "1"]
[White "Tokhirjonova, Gulrukhbegim"]
[Black "Sviridova, Vlada"]
[Result "1-0"]
[WhiteTitle "WGM"]
[BlackTitle "WFM"]
[WhiteElo "2350"]
[BlackElo "2144"]
[WhiteFideId "14203626"]
[BlackFideId "24109606"]
[EventDate "2021.05.29"]

1. e4 e6 2. d4 d5 3. e5 c5 4. c3 Qb6 5. Nf3 Nc6 6. Be2 Bd7 7. O-O cxd4 8. cxd4
Nge7 9. Na3 Nf5 10. Nc2 Rc8 11. a3 Na5 12. b4 Nb3 13. Rb1 Nxc1 14. Rxc1 Be7 15.
Qd2 O-O 16. Bd3 Bb5 17. Ne3 Nxe3 18. fxe3 f5 19. exf6 Bxf6 20. Rc5 Rxc5 21. bxc5
Qa6 22. Bxb5 Qxb5 23. Qc2 Qa5 24. Qb3 b6 25. c6 Rc8 26. Rc1 b5 27. e4 Qb6 28.
exd5 Bxd4+ 29. Kh1 Be3 30. Re1 Bf2 31. Rxe6 Kh8 32. Qd3 Qc5 33. g3 h6 34. Kg2 a6
35. Qe4 a5 36. Ne5 Bd4 37. Ng6+ Kg8 38. Ne7+ Kh8 39. Nxc8 1-0

[Event "Women's Speed Chess Q2"]
[Site "chess.com INT"]
[Date "2021.05.29"]
[Round "1"]
[White "Narva, Mai"]
[Black "Mendoza, Shania Mae"]
[Result "1-0"]
[WhiteTitle "WIM"]
[BlackTitle "WFM"]
[WhiteElo "2276"]
[BlackElo "2158"]
[WhiteFideId "4500512"]
[BlackFideId "5211158"]
[EventDate "2021.05.29"]

1. e4 e5 2. Nc3 Bb4 3. Bc4 Bxc3 4. dxc3 Nf6 5. Nf3 O-O 6. O-O d6 7. Re1 h6 8. h3
Nc6 9. a4 Be6 10. Bxe6 fxe6 11. c4 Qe7 12. b3 Rad8 13. Ba3 Qf7 14. Qe2 Nh5 15.
Qe3 Nf4 16. h4 Qg6 17. g3 Qg4 18. Nh2 Qg6 19. Kh1 Nh3 20. Re2 Nd4 21. Rd2 Nxf2+
22. Rxf2 Rf4 23. gxf4 c5 24. Rg1 Qh5 25. fxe5 dxe5 26. Bxc5 Qxh4 27. Qg3 Qxe4+
28. Qg2 Qxg2+ 29. Rgxg2 Nf5 30. Nf3 e4 31. Ne5 Rd1+ 32. Rg1 Rd8 33. Re2 b6 34.
Ba3 e3 35. Bb2 g5 36. Ng4 Kh7 37. Nxe3 Nh4 38. Ng4 Nf3 39. Rf1 Nd2 40. Rd1 Nxc4
41. Rxd8 Nxb2 42. Rxe6 b5 43. Rd7+ Kg8 44. Re8# 1-0

[Event "Women's Speed Chess Q2"]
[Site "chess.com INT"]
[Date "2021.05.29"]
[Round "1"]
[White "Linares Napoles, Oleiny"]
[Black "Mohota, Nisha"]
[Result "1-0"]
[WhiteTitle "WGM"]
[BlackTitle "IM"]
[WhiteElo "2255"]
[BlackElo "2195"]
[WhiteFideId "3504794"]
[BlackFideId "5004330"]
[EventDate "2021.05.29"]

1. d4 d5 2. Bf4 Nf6 3. e3 c5 4. c3 Nc6 5. Nf3 e6 6. Nbd2 cxd4 7. exd4 Nh5 8. Bg5
f6 9. Be3 Bd6 10. g3 O-O 11. Bd3 f5 12. Ng5 Nf6 13. f4 h6 14. Ngf3 Ne4 15. O-O
Bd7 16. Qe2 Rc8 17. Rae1 Qe8 18. Ne5 Nxe5 19. fxe5 Be7 20. Kh1 Qg6 21. Rg1 a6
22. Ref1 b5 23. a3 Be8 24. g4 Qh7 25. gxf5 exf5 26. Bb1 Kh8 27. Ba2 Bc6 28. Qg2
Rc7 29. Bb3 Bd8 30. Nxe4 dxe4 31. d5 Bb7 32. Qxe4 Bg5 33. Qd4 Rc4 34. Bxc4 Bxe3
35. Qxe3 bxc4 36. Rd1 Rd8 37. Qf3 f4 38. Rd4 Qc2 39. Qg2 Qxg2+ 40. Kxg2 Rxd5 41.
Rxd5 Bxd5+ 42. Kf2 g5 43. Rd1 Bf7 44. Rd6 Kg7 45. Rxa6 h5 46. Rf6 Bd5 47. a4 g4
48. Rxf4 Kg6 49. a5 Bc6 50. Rf6+ 1-0

[Event "Women's Speed Chess Q2"]
[Site "chess.com INT"]
[Date "2021.05.29"]
[Round "1"]
[White "Priyanka, K"]
[Black "Bivol, Alina"]
[Result "0-1"]
[WhiteTitle "WIM"]
[BlackTitle "WGM"]
[WhiteElo "2218"]
[BlackElo "2385"]
[WhiteFideId "5082986"]
[BlackFideId "4100123"]
[EventDate "2021.05.29"]

1. e4 e6 2. d4 d5 3. Nc3 Nf6 4. Bg5 dxe4 5. Nxe4 Nbd7 6. Nf3 h6 7. Bxf6 Nxf6 8.
Bd3 Nd5 9. O-O Be7 10. Qd2 O-O 11. c4 Nb4 12. Bb1 f5 13. Nc3 Bf6 14. a3 Nc6 15.
d5 Ne5 16. Nxe5 Bxe5 17. Ba2 Qf6 18. Rac1 Qh4 19. g3 Qf6 20. Rfe1 c5 21. dxc6
bxc6 22. c5 Kh8 23. Qe2 Bd4 24. Qc4 e5 25. Ne2 Bxb2 26. Rb1 e4 27. Nf4 Be5 28.
Nh5 Qg5 29. Qe2 a5 30. f4 exf3 31. Qxe5 Qxh5 32. Rf1 Ba6 33. Rf2 Be2 34. Qf4
Rad8 35. Re1 Qe8 36. Bc4 Bxc4 37. Rxe8 Rd1+ 0-1

[Event "Women's Speed Chess Q2"]
[Site "chess.com INT"]
[Date "2021.05.29"]
[Round "1"]
[White "Assaubayeva, Bibisara"]
[Black "Tarasova, Viktoriya"]
[Result "1/2-1/2"]
[WhiteTitle "IM"]
[BlackTitle "WIM"]
[WhiteElo "2381"]
[BlackElo "2226"]
[WhiteFideId "13708694"]
[BlackFideId "4175840"]
[EventDate "2021.05.29"]

1. d4 Nf6 2. c4 e6 3. Nf3 b6 4. a3 Bb7 5. Bf4 d5 6. cxd5 exd5 7. e3 Bd6 8. Ne5
O-O 9. Nd2 Nbd7 10. Bd3 Re8 11. Ndf3 Qe7 12. O-O c5 13. Bb5 a6 14. Nxd7 Nxd7 15.
Bxd6 Qxd6 16. Bxd7 Qxd7 17. Qb3 Qc7 18. dxc5 bxc5 19. Rac1 Rab8 20. Qc3 Rec8 21.
Rfd1 Qe7 22. Qe5 Qxe5 23. Nxe5 Rc7 24. b4 Rbc8 25. Nd3 cxb4 26. axb4 Rxc1 27.
Rxc1 Rxc1+ 28. Nxc1 Kf8 29. f3 Ke7 30. Kf2 Kd6 31. Ke2 Bc8 32. Kd3 Kc6 33. Kd4
Be6 34. Nd3 Kb5 35. g4 h6 36. h3 Ka4 37. f4 g6 38. Ke5 Kb5 39. f5 gxf5 40. gxf5
Bc8 41. Nf4 Kxb4 42. Nxd5+ Kb3 43. Ne7 Bd7 44. Kd6 Bb5 45. Nd5 a5 46. Nb6 Bd3
47. f6 a4 48. Nxa4 Kxa4 49. Ke7 Bc4 50. Kf8 Kb5 51. h4 h5 52. Kg7 Kc5 53. Kh6
Be2 54. Kg7 Bc4 55. Kh6 Be2 56. Kg7 Bc4 1/2-1/2

[Event "Women's Speed Chess Q2"]
[Site "chess.com INT"]
[Date "2021.05.29"]
[Round "1"]
[White "Dauletova, Gulmira"]
[Black "Ambartsumova, Karina"]
[Result "0-1"]
[WhiteTitle "WGM"]
[BlackTitle "IM"]
[WhiteElo "2285"]
[BlackElo "2382"]
[WhiteFideId "13702971"]
[BlackFideId "4166299"]
[EventDate "2021.05.29"]

1. e4 c5 2. Nf3 e6 3. d4 cxd4 4. Nxd4 a6 5. c4 Nf6 6. Nc3 Bb4 7. Qd3 Nc6 8. Nxc6
dxc6 9. Qxd8+ Kxd8 10. Bd3 e5 11. Bd2 Be6 12. a3 Be7 13. b4 a5 14. b5 Nd7 15.
Na4 cxb5 16. cxb5 Bb3 17. Nc3 Nc5 18. Bb1 Kc7 19. O-O Rhd8 20. Be3 b6 21. Rc1
Kb7 22. a4 Rac8 23. f3 Nxa4 24. Ne2 Rd1+ 25. Rxd1 Bxd1 26. Kf2 Nc3 27. Nxc3 Rxc3
28. Ba2 Bb3 29. Bxb3 Rxb3 30. Rd1 Kc7 31. Rc1+ Kb7 32. Rd1 Kc7 33. Rc1+ Kd7 34.
Bxb6 Rxb5 35. Be3 a4 36. Rc4 Ra5 37. Rc2 a3 38. Ra2 Kc6 39. Bd2 Ra6 40. Bc3 f6
41. Ke2 Kb5 42. Kd3 Ka4 43. Ra1 Rd6+ 44. Kc2 Rc6 0-1

[Event "Women's Speed Chess Q2"]
[Site "chess.com INT"]
[Date "2021.05.29"]
[Round "1"]
[White "Gaponenko, Inna"]
[Black "Golubenko, Valentina"]
[Result "1-0"]
[WhiteTitle "IM"]
[BlackTitle "WGM"]
[WhiteElo "2357"]
[BlackElo "2209"]
[WhiteFideId "14101181"]
[BlackFideId "4501993"]
[EventDate "2021.05.29"]

1. e4 e6 2. d4 d5 3. exd5 exd5 4. Nf3 Nf6 5. Bd3 c5 6. O-O c4 7. Re1+ Be7 8. Bf1
O-O 9. b3 cxb3 10. axb3 Nc6 11. h3 Bf5 12. c4 Nb4 13. Na3 Ne4 14. Bb2 Bf6 15.
cxd5 Nxd5 16. Nc4 a6 17. Bd3 Nec3 18. Qd2 Bxd3 19. Qxd3 Nb5 20. Nfe5 Re8 21.
Rad1 Nd6 22. Qf3 Nb5 23. Ng4 Rxe1+ 24. Rxe1 Rc8 25. Nxf6+ Nxf6 26. Qxb7 Nxd4 27.
Bxd4 Rb8 28. Qa7 Ra8 29. Qc5 Rc8 30. Bxf6 gxf6 31. Qf5 Rb8 32. Re3 Qd1+ 33. Kh2
Rxb3 34. Re8+ Kg7 35. Qg4+ Qxg4 36. hxg4 Rb4 37. Ne3 a5 38. Ra8 a4 39. Nf5+ Kg6
40. Rg8# 1-0

[Event "Women's Speed Chess Q2"]
[Site "chess.com INT"]
[Date "2021.05.29"]
[Round "1"]
[White "Girya, Olga"]
[Black "Zaksaite, Salomeja"]
[Result "1-0"]
[WhiteTitle "WGM"]
[BlackTitle "WIM"]
[WhiteElo "2451"]
[BlackElo "2202"]
[WhiteFideId "4195752"]
[BlackFideId "12801496"]
[EventDate "2021.05.29"]

1. d4 g6 2. e4 Bg7 3. Nf3 b6 4. Bd3 Bb7 5. O-O e6 6. c3 Ne7 7. Bg5 h6 8. Be3 O-O
9. Na3 d6 10. Re1 Nd7 11. Nc2 a6 12. a4 Qb8 13. Qd2 Kh7 14. h4 Nf6 15. Bf4 Qa7
16. e5 Nh5 17. exd6 cxd6 18. Bxd6 Bxf3 19. gxf3 Rad8 20. Bg3 Nf5 21. Bxf5 gxf5
22. Be5 Rg8 23. Kf1 Bxe5 24. Rxe5 Qe7 25. Ke2 Qxh4 26. Rf1 Rg3 27. Ne1 Nf4+ 28.
Kd1 Rh3 29. Re3 Rh2 30. Nd3 Nd5 31. Re2 Rg8 32. Ne5 f6 33. Nd3 Nc7 34. c4 Rgg2
35. Nf4 Rh1 36. Nxg2 1-0

[Event "Women's Speed Chess Q2"]
[Site "chess.com INT"]
[Date "2021.05.29"]
[Round "1"]
[White "Zaichenko, Daria"]
[Black "Daulyte-Cornette, Deimante"]
[Result "0-1"]
[WhiteTitle "WFM"]
[BlackTitle "IM"]
[WhiteElo "2104"]
[BlackElo "2387"]
[WhiteFideId "4197453"]
[BlackFideId "12802859"]
[EventDate "2021.05.29"]

1. e4 Nf6 2. e5 Nd5 3. d4 d6 4. Nf3 dxe5 5. Nxe5 c6 6. c4 Nb4 7. Be3 Bf5 8. Bd3
Nxd3+ 9. Nxd3 e6 10. Nc3 Nd7 11. Ne5 Bd6 12. Nxd7 Qxd7 13. O-O O-O 14. f4 h6 15.
b3 Rad8 16. Qf3 Be7 17. Ne4 Bxe4 18. Qxe4 f5 19. Qf3 Bf6 20. Rad1 Qc7 21. d5
cxd5 22. cxd5 e5 23. Rc1 Qa5 24. Bc5 e4 25. Qf2 Rfe8 26. Bxa7 Qxd5 27. Rc7 e3
28. Qg3 e2 29. Re1 Bd4+ 30. Bxd4 Qxd4+ 31. Kh1 Rd7 32. Rxd7 Qxd7 33. h3 Qd2 34.
Kh2 Qxa2 35. Qc3 Qa6 36. Qc7 Kh7 37. Qd7 Qe6 38. Qd3 Qe3 39. b4 Qxd3 0-1

[Event "Women's Speed Chess Q2"]
[Site "chess.com INT"]
[Date "2021.05.29"]
[Round "1"]
[White "Zawadzka, Jolanta"]
[Black "Dworakowska, Joanna"]
[Result "1-0"]
[WhiteTitle "WGM"]
[BlackTitle "IM"]
[WhiteElo "2399"]
[BlackElo "2322"]
[WhiteFideId "1122320"]
[BlackFideId "1107445"]
[EventDate "2021.05.29"]

1. e4 c5 2. Nf3 d6 3. d4 cxd4 4. Nxd4 Nf6 5. f3 a6 6. c4 e5 7. Nb3 Be6 8. Be3
Nbd7 9. Be2 Rc8 10. Na3 Be7 11. O-O O-O 12. Rc1 Nh5 13. Qd2 Kh8 14. Na5 Qc7 15.
b4 g6 16. Nb1 f5 17. exf5 gxf5 18. Nc3 Rg8 19. Kh1 Ndf6 20. Nd5 Bxd5 21. cxd5
Qd7 22. Nc4 Qe8 23. Nb6 Rd8 24. Rc7 Rb8 25. Bd1 f4 26. Bf2 Bd8 27. Rc1 Bxb6 28.
Bxb6 Qb5 29. Qf2 Nxd5 30. Ba7 Rbf8 31. Bb3 Nxb4 32. Bxg8 Rxg8 33. Rc7 Ng3+ 34.
hxg3 fxg3 35. Qe1 Nd3 36. Qe4 Rg6 37. Rxb7 Nf2+ 38. Rxf2 Rh6+ 39. Kg1 gxf2+ 40.
Kxf2 Qa5 41. Rb8+ Kg7 42. Qg4+ Kf6 43. Rf8+ Ke7 44. Qg7+ Ke6 45. Qxh6+ Kd5 46.
Qe3 Qxa2+ 47. Kg3 Qb1 48. Qe4+ Qxe4 49. fxe4+ Kxe4 50. Rd8 1-0

[Event "Women's Speed Chess Q2"]
[Site "chess.com INT"]
[Date "2021.05.29"]
[Round "1"]
[White "Smirnova, Ekaterina"]
[Black "Secopito, Catherine"]
[Result "1-0"]
[WhiteTitle "WIM"]
[BlackTitle "WIM"]
[WhiteElo "2240"]
[BlackElo "2075"]
[WhiteFideId "4110943"]
[BlackFideId "5202744"]
[EventDate "2021.05.29"]

1. d4 d5 2. c4 e6 3. Nc3 Nf6 4. cxd5 exd5 5. Bg5 Be7 6. e3 c6 7. Bd3 Nbd7 8. Qc2
h6 9. Bf4 O-O 10. Nf3 Re8 11. O-O b6 12. a3 Bb7 13. b4 Nh5 14. Be5 Bf8 15. Rac1
Rc8 16. Bh7+ Kh8 17. Bf5 Nhf6 18. e4 Nxe5 19. Nxe5 Rc7 20. Nb5 Rce7 21. Nxa7
Rxe5 22. dxe5 Rxe5 23. Nxc6 Bxc6 24. Qxc6 dxe4 25. Rfd1 Qe7 26. Bh3 Rh5 27. Qc7
g6 28. Qxe7 Bxe7 29. Rc7 Ng8 30. Bg4 Re5 31. Rc6 b5 32. Be2 e3 33. f3 Nf6 34.
Rb6 Nh5 35. Rxb5 Re6 36. g3 Kg7 37. Kf1 Nf6 38. a4 Rc6 39. a5 Rc2 40. a6 Ra2 41.
Ra5 Rb2 42. a7 Bxb4 43. a8=Q Bxa5 44. Qxa5 1-0

[Event "Women's Speed Chess Q2"]
[Site "chess.com INT"]
[Date "2021.05.29"]
[Round "1"]
[White "Antonova, Nadezhda"]
[Black "Padmini, Rout"]
[Result "0-1"]
[WhiteTitle "WFM"]
[BlackTitle "IM"]
[WhiteElo "1877"]
[BlackElo "2370"]
[WhiteFideId "14700182"]
[BlackFideId "5029295"]
[EventDate "2021.05.29"]

1. d4 Nf6 2. Nf3 c5 3. e3 e6 4. Bd3 Nc6 5. Nbd2 d5 6. c3 Bd6 7. O-O O-O 8. dxc5
Bxc5 9. e4 e5 10. exd5 Qxd5 11. Qe2 Bg4 12. Ne4 Nxe4 13. Qxe4 Qxe4 14. Bxe4 f6
15. h3 Be6 16. Be3 Bxe3 17. fxe3 Rfd8 18. Rfd1 g6 19. b3 Kf7 20. Kf2 Ke7 21. Ke2
Rac8 22. Rxd8 Nxd8 23. c4 f5 24. Bb1 Nc6 25. Nd2 e4 26. a3 Ne5 27. Ra2 a5 28. a4
g5 29. Rc2 h5 30. Rc1 h4 31. Bc2 Nc6 32. Nb1 Nb4 33. Nc3 Kf6 34. Nb5 Ke5 35. Nc3
g4 36. Bb1 gxh3 37. gxh3 Rg8 38. Kf2 Rg3 39. Rh1 Rf3+ 40. Ke2 Rg3 41. Kf2 Bf7
42. Ne2 Rf3+ 43. Ke1 Rxe3 0-1

[Event "Women's Speed Chess Q2"]
[Site "chess.com INT"]
[Date "2021.05.29"]
[Round "1"]
[White "Borisova, Ekaterina"]
[Black "Mahalakshmi, M"]
[Result "1-0"]
[WhiteTitle "FM"]
[BlackTitle "WIM"]
[WhiteElo "2268"]
[BlackElo "2253"]
[WhiteFideId "34124184"]
[BlackFideId "5001080"]
[EventDate "2021.05.29"]

1. d4 Nf6 2. c4 e6 3. g3 Bb4+ 4. Bd2 a5 5. Bg2 O-O 6. Nf3 d5 7. O-O b6 8. Bg5
Be7 9. Nc3 Bb7 10. Ne5 h6 11. Bf4 Nbd7 12. cxd5 exd5 13. Qa4 Nxe5 14. dxe5 Nh5
15. Be3 f5 16. f4 c6 17. Rad1 b5 18. Qc2 g6 19. Nb1 Ng7 20. Nd2 Ne6 21. Nb3 c5
22. Bf2 Rc8 23. a4 bxa4 24. Nc1 Qd7 25. Rd2 d4 26. Bxb7 Qxb7 27. Qxa4 Rfd8 28.
Rfd1 Kg7 29. Qa2 Qb6 30. Nb3 Ra8 31. Qa4 Rdb8 32. Nc1 Qb5 33. Qa2 Qc6 34. Qc4
Rb4 35. Qc2 Rab8 36. Bxd4 Nxd4 37. Rxd4 Rxb2 38. Qc3 R8b7 39. Rd5 Rb1 40. Qf3 c4
41. g4 Bc5+ 42. Kg2 Be7 43. gxf5 gxf5 44. Kh3 R7b3 45. Rg1+ Kh7 46. e3 Rc3 47.
Qg3 1-0

[Event "Women's Speed Chess Q2"]
[Site "chess.com INT"]
[Date "2021.05.29"]
[Round "1"]
[White "Nguyen, Thi Mai Hung"]
[Black "Eswaran, Aksithi"]
[Result "1/2-1/2"]
[WhiteTitle "WGM"]
[BlackTitle "WCM"]
[WhiteElo "2254"]
[BlackElo "1745"]
[WhiteFideId "12401676"]
[BlackFideId "2083485"]
[EventDate "2021.05.29"]

1. d4 d5 2. Nf3 Nf6 3. c4 c6 4. e3 e6 5. Nbd2 Be7 6. Bd3 Nbd7 7. O-O O-O 8. b3
Re8 9. Bb2 c5 10. cxd5 exd5 11. Rc1 b6 12. Ne5 Bb7 13. f4 Rc8 14. Rf3 c4 15. Bb1
Bb4 16. bxc4 dxc4 17. e4 Bxd2 18. Qxd2 Bxe4 19. Bxe4 Nxe4 20. Qe2 Ndf6 21. Rh3
c3 22. Bxc3 Nxc3 23. Rcxc3 Qxd4+ 24. Qe3 Qxe3+ 25. Rcxe3 Rc1+ 26. Kf2 Rc2+ 27.
Re2 Rxe2+ 28. Kxe2 Ng4 29. Ra3 Nxe5 30. fxe5 Rxe5+ 31. Kf2 Re7 32. Rc3 g6 33. h3
Kg7 34. Rc8 Rb7 35. Kf3 b5 36. Ra8 h5 37. a3 Kf6 38. Kf4 g5+ 39. Ke4 Kg6 40. Kd5
Kf5 41. Kc6 Rb6+ 42. Kc5 Rb7 43. Kc6 Rb6+ 44. Kc5 Rb7 45. Kc6 1/2-1/2

[Event "Women's Speed Chess Q2"]
[Site "chess.com INT"]
[Date "2021.05.29"]
[Round "1"]
[White "Fernandez, Maria Florencia"]
[Black "Khalafova, Narmin"]
[Result "1-0"]
[WhiteTitle "WIM"]
[BlackTitle "WGM"]
[WhiteElo "2229"]
[BlackElo "2279"]
[WhiteFideId "116459"]
[BlackFideId "13402625"]
[EventDate "2021.05.29"]

1. d4 d6 2. c4 Nf6 3. Nc3 g6 4. e4 Bg7 5. Be2 c5 6. d5 O-O 7. h3 e6 8. Nf3 exd5
9. cxd5 Re8 10. Qc2 a6 11. a4 Nbd7 12. O-O b6 13. Nd2 Rb8 14. Nc4 Qc7 15. Bf4
Bf8 16. Bf3 b5 17. axb5 axb5 18. Na5 b4 19. Ne2 Ba6 20. Nc6 Rb6 21. Rfe1 Rc8 22.
Ng3 Bb5 23. Ra7 Rb7 24. Rxb7 Qxb7 25. e5 Nxd5 26. Bxd5 Bxc6 27. Bxf7+ Kxf7 28.
e6+ Kg8 29. e7 Nf6 30. exf8=Q+ Rxf8 31. Bxd6 Re8 32. Rxe8+ Nxe8 33. Qxc5 Bxg2
34. Be5 Bxh3 35. Qc4+ Kf8 36. Qc5+ Kf7 37. Qc4+ Be6 38. Qf4+ Kg8 39. Ne4 Qf7 40.
Nf6+ Nxf6 41. Bxf6 b3 42. Qb8+ Qf8 43. Qe5 Kf7 44. Bg5 Qe8 45. Qf6+ Kg8 46. Bh6
Qf7 47. Qd8+ 1-0

[Event "Women's Speed Chess Q2"]
[Site "chess.com INT"]
[Date "2021.05.29"]
[Round "1"]
[White "Komiagina, Maria"]
[Black "Purtseladze, Maka"]
[Result "0-1"]
[WhiteTitle "WIM"]
[BlackTitle "IM"]
[WhiteElo "2241"]
[BlackElo "2274"]
[WhiteFideId "4153987"]
[BlackFideId "13602659"]
[EventDate "2021.05.29"]

1. e4 c6 2. d4 d5 3. e5 Bf5 4. h4 h5 5. Bd3 Bxd3 6. Qxd3 e6 7. Bg5 Qa5+ 8. Nd2
Qb5 9. Qxb5 cxb5 10. Ngf3 Nc6 11. O-O b4 12. Rfc1 Nge7 13. c4 bxc3 14. Rxc3 Nf5
15. Nb3 Bb4 16. Rc2 a5 17. a3 Be7 18. Rd1 a4 19. Nc5 Bxc5 20. Rxc5 Ra5 21. Rxa5
Nxa5 22. Rc1 Kd7 23. Rc5 Nc4 24. Rb5 Kc6 25. Rb4 Ra8 26. Kf1 Ra5 27. Ke2 Rb5 28.
Rxb5 Kxb5 29. Bc1 f6 30. g3 fxe5 31. dxe5 Kc5 32. Kd3 b5 33. Kc2 Nd4+ 34. Nxd4
Kxd4 35. f4 g6 36. Bd2 Nxd2 37. Kxd2 Ke4 38. Ke2 d4 39. Kd2 Kf3 40. Kd3 Kxg3 41.
Kxd4 Kxf4 42. Kc5 Kxe5 43. Kxb5 Kd4 44. Kxa4 e5 45. b4 e4 46. b5 Kc5 47. Ka5 e3
48. b6 e2 0-1

[Event "Women's Speed Chess Q2"]
[Site "chess.com INT"]
[Date "2021.05.29"]
[Round "1"]
[White "Zakirova, Aisha"]
[Black "Kulkarni, Bhakti"]
[Result "0-1"]
[WhiteTitle "WCM"]
[BlackTitle "IM"]
[WhiteElo "1585"]
[BlackElo "2391"]
[WhiteFideId "13719734"]
[BlackFideId "5019516"]
[EventDate "2021.05.29"]

1. d4 d6 2. Nf3 Bg4 3. c4 e6 4. Nc3 c6 5. e4 Nf6 6. Bd3 Be7 7. O-O O-O 8. h3 Bh5
9. Be3 d5 10. e5 Nfd7 11. c5 Bg6 12. Qc2 Bxd3 13. Qxd3 f5 14. b4 f4 15. Bd2 g5
16. b5 Qe8 17. Nh2 h5 18. Qf3 Qg6 19. Rab1 Kh8 20. Kh1 cxb5 21. Rxb5 Nc6 22.
Rxb7 Nxd4 23. Qd1 Rad8 24. Rxd7 Rxd7 25. Qa4 Rc7 26. Qxd4 Bxc5 27. Qa4 Qf5 28.
Qd1 Rh7 29. f3 Qxe5 30. Na4 Bd4 31. Re1 Qf6 32. Bb4 Rb8 33. Bd6 Rd8 34. Bc7 Rdd7
35. Ba5 e5 36. Qc2 Qa6 37. Qd2 Rb7 38. Rc1 Rb8 39. Bc7 Rxc7 40. Rxc7 Qxa4 41.
Qc1 Qa6 42. Nf1 Qb6 43. Kh2 e4 44. Rc8+ Kg7 45. Rc7+ Kf8 46. Rc8+ Ke7 47. Rc7+
Kd6 48. Rh7 Qc5 49. Rh6+ Ke5 50. Qd1 Bg1+ 51. Kh1 Qd4 52. Qc2 Qc4 53. Qd2 e3 54.
Qd1 e2 55. Qa1+ Bd4 56. Qe1 Rb1 57. Qxb1 exf1=Q+ 0-1

[Event "Women's Speed Chess Q2"]
[Site "chess.com INT"]
[Date "2021.05.29"]
[Round "1"]
[White "Franco Valencia, Angela"]
[Black "Swati, Mohota"]
[Result "1-0"]
[WhiteTitle "WIM"]
[BlackTitle "WFM"]
[WhiteElo "2089"]
[BlackElo "2027"]
[WhiteFideId "4403070"]
[BlackFideId "5006511"]
[EventDate "2021.05.29"]

1. e4 Nf6 2. e5 Nd5 3. d4 Nb6 4. Nf3 d6 5. Bd3 Bg4 6. h3 Bd7 7. O-O d5 8. Nc3 e6
9. Bg5 Be7 10. Bxe7 Qxe7 11. Re1 O-O 12. Nh2 c5 13. dxc5 Qxc5 14. Qh5 g6 15. Qh6
f5 16. exf6 Rxf6 17. Ng4 Rf7 18. Bxg6 hxg6 19. Qxg6+ Rg7 20. Nf6+ Kf8 21. Qh6
Nc6 22. Nh5 Qe7 23. Re3 Nd4 24. Rg3 Nf5 25. Qh8+ Kf7 26. Rxg7+ Nxg7 27. Qxg7+
Ke8 28. Qg8+ Qf8 29. Nf6+ Ke7 30. Qxf8+ Rxf8 31. Nxd7 Kxd7 32. Re1 Nc4 33. b3
Nd6 34. h4 Nf5 35. g3 Nd4 36. Kg2 Nxc2 37. Rh1 Nb4 38. h5 Nd3 39. f3 Ne5 40. f4
Ng4 41. Kf3 Nh6 42. g4 d4 43. Nb5 e5 44. f5 a6 45. Na3 Ke7 46. Nc4 Kf6 47. Nd6
Rd8 48. Ne4+ Kf7 49. f6 d3 50. g5 Nf5 51. g6+ Kg8 52. f7+ Kg7 53. Ng5 Nd4+ 54.
Ke4 d2 55. Rd1 Kf6 56. Nh7+ Kg7 57. f8=Q+ Rxf8 58. Nxf8 Nc6 59. Ne6+ Kh6 60.
Rxd2 Nb4 61. a3 1-0

[Event "Women's Speed Chess Q2"]
[Site "chess.com INT"]
[Date "2021.05.29"]
[Round "1"]
[White "Vine, Elzbieta"]
[Black "Pandey, Srishti"]
[Result "0-1"]
[WhiteTitle "WFM"]
[BlackTitle "WFM"]
[WhiteElo "2138"]
[BlackElo "2026"]
[WhiteFideId "1119320"]
[BlackFideId "35093290"]
[EventDate "2021.05.29"]

1. e4 e6 2. d4 d5 3. exd5 exd5 4. Bd3 Nc6 5. c3 Bd6 6. h3 Nge7 7. Nf3 Bf5 8. Qc2
Qd7 9. O-O f6 10. Re1 O-O-O 11. b4 Bxd3 12. Qxd3 Ng6 13. b5 Nce7 14. Qe3 Qxb5
15. a4 Qd7 16. Na3 Nf5 17. Qd3 c6 18. a5 Rde8 19. Be3 Kb8 20. a6 b6 21. c4 Bxa3
22. Rxa3 dxc4 23. Qxc4 Qe6 24. Qc3 Qd6 25. Rc1 Nge7 26. Rb3 Nxe3 27. Qxe3 Nd5
28. Qd3 Nf4 29. Qb1 Ne2+ 30. Kh1 Nxc1 31. Rxb6+ Kc8 32. Rb2 Ne2 33. Rxe2 Rxe2
34. Qb7+ Kd8 35. Qa8+ Kd7 36. Qxh8 Rb2 37. Qxg7+ Ke6 38. Qg8+ Kd7 39. Qg7+ Ke6
40. Qg8+ Ke7 41. Qg7+ Ke8 42. Qg8+ Kd7 43. Qxh7+ Kc8 44. Qg8+ Kc7 45. Qf7+ Kd8
46. Qg8+ Kd7 47. Qf7+ Qe7 48. Qg6 Ra2 49. Kh2 Rxa6 0-1

[Event "Women's Speed Chess Q2"]
[Site "chess.com INT"]
[Date "2021.05.29"]
[Round "1"]
[White "Adam, Ernestina"]
[Black "Perez Rodriguez, Jennifer"]
[Result "0-1"]
[WhiteTitle "WCM"]
[BlackTitle "WIM"]
[WhiteElo "1354"]
[BlackElo "2251"]
[WhiteFideId "165883"]
[BlackFideId "3507831"]
[EventDate "2021.05.29"]

1. e4 e5 2. Nf3 Nc6 3. Bc4 Nf6 4. d3 Bc5 5. c3 d6 6. Nbd2 a6 7. Bb3 h6 8. O-O
Ba7 9. Re1 O-O 10. Nf1 Be6 11. Bc2 Re8 12. Ng3 d5 13. Qe2 b5 14. a4 dxe4 15.
Nxe4 Nxe4 16. dxe4 Bc4 17. Qd1 Qf6 18. Be3 Rad8 19. Qc1 Bxe3 20. Qxe3 Qe6 21.
Nh4 Ne7 22. axb5 axb5 23. Rab1 Qc6 24. Rbd1 Ng6 25. Nxg6 Qxg6 26. b3 Be6 27. h3
Ra8 28. Ra1 Red8 29. Red1 Qf6 30. Rxa8 Rxa8 31. Qc5 Ra2 32. Bd3 Bxb3 33. Rf1 c6
34. Qb4 Be6 35. c4 Ra4 36. Qc5 Bxc4 37. Bxc4 Rxc4 38. Qb6 Rxe4 39. Qb8+ Kh7 40.
Qc8 Rc4 41. Rd1 Rc2 42. f3 Qg5 43. Qg4 Qxg4 44. hxg4 b4 45. Rb1 c5 46. g3 Kg6
47. f4 Kf6 48. Kf1 Ke6 49. Ke1 Kd5 50. Kd1 Rg2 51. Rb3 Kc4 52. Rf3 e4 53. Re3
Kd4 54. Rb3 Kc4 55. Re3 b3 56. Kc1 Kb4 57. Rxe4+ c4 0-1

[Event "Women's Speed Chess Q2"]
[Site "chess.com INT"]
[Date "2021.05.29"]
[Round "1"]
[White "Makhija, Aashna"]
[Black "Chu, Ruotong"]
[Result "1-0"]
[WhiteTitle "WIM"]
[BlackTitle "WIM"]
[WhiteElo "1969"]
[BlackElo "2207"]
[WhiteFideId "25011944"]
[BlackFideId "8605653"]
[EventDate "2021.05.29"]

1. e4 c5 2. Nf3 e6 3. c3 d5 4. exd5 Qxd5 5. d4 Nc6 6. Bd3 Bd7 7. Be3 Nf6 8. O-O
Bd6 9. dxc5 Bxc5 10. Bxc5 Qxc5 11. Nbd2 O-O 12. Qe2 Qh5 13. Nc4 Rfd8 14. Rad1
Be8 15. Nfe5 Qxe2 16. Bxe2 Rxd1 17. Rxd1 Rd8 18. Rxd8 Nxd8 19. Nd6 Bd7 20. Bf3
b6 21. Nxd7 Nxd7 22. b4 Ne5 23. Be2 Kf8 24. f4 Nec6 25. Kf2 Ke7 26. Ne4 f5 27.
Nd2 Kd6 28. Ke3 Nf7 29. Nc4+ Kd7 30. Bf3 e5 31. Bxc6+ Kxc6 32. Nxe5+ Nxe5 33.
fxe5 Kd5 34. Kf4 g6 35. c4+ Ke6 36. h3 h6 37. h4 g5+ 38. hxg5 hxg5+ 39. Kxg5
Kxe5 40. Kg6 f4 41. Kg5 Ke4 42. Kg4 Ke5 43. c5 bxc5 44. bxc5 a5 45. c6 Kd6 46.
Kxf4 Kxc6 47. Kf5 a4 48. g4 Kd6 49. g5 Ke7 50. Kg6 Kf8 51. Kh7 Kf7 52. g6+ Ke6
53. g7 1-0